000 00744nam a22001457a 4500
005 20260127145957.0
008 230718b ||||| |||| 00| 0 eng d
040 _cSSBUL
_dSSBUL
082 _223
_a၃၄၂.၅၉၁ ပြည် ၁၆၀၇၅ (S-SAT)
245 _aပြည်ထောင်စု ဆိုရှယ်လစ်သမ္မတမြန်မာနိုင်ငံတော် ဖွဲ့စည်းပုံအခြေခံဥပဒေ /
300 _a၁၅၈ စာမျက်နှာ၊
_c၂၁ စင်တီ။
500 _aS-SAT: Dr. Prof Sai Aung Tun
650 _aဖွဲ့စည်းပုံအခြေခံ ဥပဒေ
_zမြန်မာနိုင်ငံ။
_928093
942 _2ddc
_cBK1
999 _c27284
_d27284